| 000 | 00774nam a2200241Ia 4500 | ||
|---|---|---|---|
| 008 | 220216s9999 xx 000 0 und d | ||
| 100 | _aMai Jing | ||
| 245 | 2 | _aA Comparative study of Hevea clones PB 260 and Yun Yan 77-4 for chilling tolerance | |
| 260 | _bIRRDB Natural Rubber Conference 2008, 13-15 October 2008, Kuala Lumpur, Malaysia: Abstract of papers | ||
| 500 | _aSource Year: 2008 | ||
| 650 | _aChlorophyll fluorescence | ||
| 650 | _aCold | ||
| 650 | _aNet photosynthesis | ||
| 650 | _aNo photochemical quenching | ||
| 650 | _aStomatal conductance | ||
| 700 | _aAmeglio Thierry | ||
| 700 | _aCavaloc Eric | ||
| 700 | _aHerbette Stephane | ||
| 700 | _aJulien Jean-Louis | ||
| 700 | _aRoeckel-Drevet Patricia | ||
| 856 | _uAbst only | ||
| 942 | _cJS | ||
| 999 |
_c53295 _d53295 |
||